000 01060nam a2200313 c 4500
003 BLK
005 20240209115543.0
008 180408b bul|||||r ||||||| ||bul||
010 _aKNG00087422000
020 _a978-954-409-284-9
_bиздат.: Плеяда
040 _aBLK
041 _aBUL
_cBUL
080 _aАвстралийска литература
_b821.111(94)
_x-31
_z821.111(94)-31
100 1 _aУот, Питър
_eпърви автор
_9285939
700 1 _aНинов, Петър
_eпрев. от англ.
_9367139
139 _aУот, Питър
_bУ 70
245 1 0 _aЕдем
_bРоман
_cПитър Уот; прев. от англ. Петър Нинов.
257 _aAUS
260 София
_bПлеяда
_c2008
300 _a384 с.
_c20 см
380 _aX
500 _aОриг. загл. Eden / Peter Watt
852 _aЦб 242538
856 4 _qpdf
_u
856 4 _qpdf
_u
942 _cKNG
_n0
_01
944 _aCR
_c22.01.2009
_lМинев Младен
_k30530
944 _aED
_c26.10.2009
_lф /
_k
999 _c82885
_d82885